Jedz a ostaň štíhla /

Další autoři: Zacharová, Dana, 1947-, Hegerová, Vlasta, Šimonovič, Róbert
Jazyk: Slovenština
Vydáno: Bratislava : Živena, 1979
Edice: Malá edícia Živeny
Fyzický popis: 64 s. : il. ; příč. 12°
Knihy
Uloženo v:
LEADER 00898nam a22002652a 4500
001 000899522
003 CZ BrMZK
005 20080530201321.0
007 ta
008 080530s1979 xo a er|||||||||||slo d
020 |q (Brož.) :  |c Kčs 4,00 
040 |a ABA001  |b cze  |c ABA001  |d ABA001 
080 9 |a 616-056.52(083.13)=854 
245 0 0 |a Jedz a ostaň štíhla /  |c Róbert Šimionovič ... [aj.] ; ilustr. Dana Zacharová a Vlasta Hegerová 
260 |a Bratislava :  |b Živena,  |c 1979 
300 |a 64 s. :  |b il. ;  |c příč. 12° 
490 1 |a Malá edícia Živeny 
700 1 |a Zacharová, Dana,  |d 1947-  |7 jo2001100263  |4 ill 
700 1 |a Hegerová, Vlasta  |4 ill 
700 1 |a Šimonovič, Róbert  |4 aut 
830 0 |a Malá edícia Živeny 
910 |a BOA001  |b 1-0840.121 
990 |a BK 
991 |b 200805 
996 7 |b 2619583159  |c 1-0840.121  |l MZK  |r Sklad / do 1 hodiny  |n 0  |w 000899522  |u 000010  |a 1  |e BOA001  |j MZK50  |s A